00469nam a2200133 a 4500008004100000020001800041050001800059100002300077245013700100260003600237300002200273350001000295650003000305151013s2013 ||||||||||||||||| || u a9781447301110 aRC 969.H3 Wor aVickerstaff, Sarah10aWork, health and wellbeing: the challenges of managing health at workcEdited by Sarah Vickerstaff, Chris Phillipson and Ross Wilkie aBristolbThe Policy Pressc2013 axiii, 290p.: ill. a46.95 aEMPLOYEE HEALTH PROMOTION